Prostriedky edukácie v škole 21. storočia zborník príspevkov z vedeckej konferencie s medzinárodnou účasťou : konferencia sa konala pod zaštoitou ... doc.PhDr. Sone Karikovej, PhD. : 28.-29. november 2007
| Ďalší autori: | |
|---|---|
| Médium: | Kniha |
| Jazyk: | slovenčina čeština poľština |
| PhysicalDescription: | 292 s. grafy, tab., fotogr. 21 cm |
| Vydavateľské údaje: |
Banská Bystrica
Pedagogická fakulta UMB
2008
|
| ISBN: | 9788080835651 (brož.) |
| Vydanie: | 1. vyd. |
| Predmet: |
MARC
| LEADER | 00000nam a2200000 a 4500 | ||
|---|---|---|---|
| 001 | vtls009521082 | ||
| 003 | SK-MaSNL | ||
| 005 | 20260301095418.0 | ||
| 008 | 160610s2008 xo odl f 100 0 slo | ||
| 015 | |a SNBA2009/07-03394 | ||
| 020 | |a 9788080835651 (brož.) | ||
| 035 | |a 1F3C4FFF-5BDA-499E-998D-8DA47471A28B | ||
| 035 | |a urn:nbn:sk:snk-amlcwr | ||
| 035 | |a urn:nbn:sk:snk-am0090bv | ||
| 040 | |a SNK |b slo |c SNK |e AACR2 | ||
| 041 | 0 | |a slo |a cze |a pol |b slo |b eng |b pol | |
| 044 | |a xo |c SK | ||
| 072 | 7 | |a 37 |x Výchova a vzdelávanie |2 konspekt | |
| 080 | |a 37.0 |2 2001 | ||
| 080 | |a 373/378 |2 2001 | ||
| 080 | |a (062.534) |2 2001 | ||
| 245 | 0 | 0 | |a Prostriedky edukácie v škole 21. storočia |b zborník príspevkov z vedeckej konferencie s medzinárodnou účasťou : konferencia sa konala pod zaštoitou ... doc.PhDr. Sone Karikovej, PhD. : 28.-29. november 2007 |c [editor zborníka: Lenka Kasáčová] |
| 250 | |a 1. vyd. | ||
| 260 | |a Banská Bystrica |b Pedagogická fakulta UMB |c 2008 | ||
| 300 | |a 292 s. |b grafy, tab., fotogr. |c 21 cm | ||
| 366 | |e 100 výt. | ||
| 500 | |a Spoluvydavateľ: Centrum vzdelávania doktorandov pri PF UMB | ||
| 504 | |a Bibliogr. odkazy | ||
| 546 | |a Text aj čes., poľ. Res. slov., angl., poľ. | ||
| 648 | 7 | |a 21. stor. |2 SNKPH |9 304714 | |
| 650 | 0 | 7 | |a výchova a vzdelávanie |2 SNKPH |9 1684 |
| 650 | 0 | 7 | |a školy |2 SNKPH |9 1276 |
| 655 | 7 | |a zborníky konferencií |2 SNKPH |9 70153 | |
| 700 | 1 | |a Lipárová, Lenka, |d 1983- |4 edt |9 193261 | |
| 919 | |a 978-80-8083-565-1 | ||
| 958 | |a NB | ||
| 958 | |a OND | ||
| 968 | |d 37 | ||
| 999 | |c 683026 |d 684956 | ||
| 952 | |a SNK |b SNK |y VYP |7 0 |p 17A0622657 |o snkSC 135877 D1 |i snk2009/9985 |8 0 |0 0 |1 0 |4 0 |d 2009-06-03 |l 0 |r 2026-02-23 20:03:02 |w 2026-02-23 | ||
| 952 | |a SNK |b SNK |y PREZ |7 0 |p 17A0622656 |o snkSC 135877 |i snk2009/9984 |8 0 |0 0 |1 0 |4 0 |d 2009-06-03 |f 1 |l 0 |r 2025-07-02 00:00:00 |w 2026-02-23 | ||


